Lịch sử nhiếp ảnh thế giới

שמור ב:
מידע ביבליוגרפי
מחבר ראשי: Lê Trọng Vinh
פורמט: ספר
שפה:Undetermined
יצא לאור: Hà Nội VHTT 1999
נושאים:
תגים: הוספת תג
אין תגיות, היה/י הראשונ/ה לתייג את הרשומה!
Thư viện lưu trữ: Trung tâm Học liệu Trường Đại học Cần Thơ
LEADER 00467nam a2200169Ia 4500
001 CTU_42656
008 210402s9999 xx 000 0 und d
082 |a 771 
082 |b Th561L 
100 |a Lê Trọng Vinh 
245 0 |a Lịch sử nhiếp ảnh thế giới 
245 0 |c Lê Trọng Vinh 
260 |a Hà Nội 
260 |b VHTT 
260 |c 1999 
650 |a photography - history 
980 |a Trung tâm Học liệu Trường Đại học Cần Thơ